Premier antagoniste affronté par le protagoniste par anime - Statistiques

Statistiques générales
  • Ce quiz a été pris 14 fois
  • Le résultat moyen est 3 sur 35
Statistiques - réponses
Anime Premier antagoniste du personnage principal % Correct
Death Note L Lawliet
100%
Hunter X Hunter Hisoka Morrow
43%
Jujutsu Kaisen Finger Bearer
36%
Bleach Fishbone D
36%
One Piece Alvida
29%
Vinland Saga Askeladd
14%
The Promised Neverland Isabella
14%
Naruto Mizuki
14%
L'Attaque des Titans Titan Colossal
14%
Chainsaw Man Démon zombie
7%
Kaiju No 8 Kaiju No 9
7%
My Hero Academia Méchant de boue
7%
Tokyo Ghoul Rize Kamishiro
7%
Yu-Gi-Oh! Seto Kaiba
7%
Cowboy Bebop Asimov Solensan
0%
Berserk Bazuso
0%
Fairy Tail Bora
0%
Mashle Brad Coleman
0%
Jojo's Bizarre Adventure Bruford
0%
No Game No Life Chlammy Zell
0%
Code Geass Clovis la Britannia
0%
One Punch Man Crablante
0%
Demon Slayer Démon du Temple
0%
Mob Psycho 100 Dimple
0%
Swort Art Online llfang the Kobold Lord
0%
Tokyo Revengers Masataka Kiyomaza
0%
Fulmetal Alchemist Père Cornello
0%
Dragon Ball Pilaf
0%
Frieren Qual
0%
Black Clover Revchi Salik
0%
Hell's Paradise Rokurota
0%
Neon Genesis Evangelion Sachiel
0%
Solo Leveling Statue de Dieu
0%
Dr Stone Tsukasa Shishio
0%
Seven Deadly Sins Twigo
0%
Aucun quiz correspondant
Distribution des résultats
% des personnes avec chaque résultat
Percentile par nombre de réponses
Votre historique - résultats
Vous n’avez pas pris ce quiz